Flora of Hazaribagh District, Bihar (Record no. 6174)
[ view plain ]
| 000 -LEADER | |
|---|---|
| fixed length control field | 00971 a2200229 4500 |
| 005 - DATE AND TIME OF LATEST TRANSACTION | |
| control field | 20080826113124.0 |
| 008 - FIXED-LENGTH DATA ELEMENTS--GENERAL INFORMATION | |
| fixed length control field | 080826t xxu||||| |||| 00| 0 eng d |
| 010 ## - LIBRARY OF CONGRESS CONTROL NUMBER | |
| LC control number | ENG-87162 |
| 020 ## - INTERNATIONAL STANDARD BOOK NUMBER | |
| Terms of availability | 844.00 |
| International Standard Book Number | 8181770072 |
| 035 ## - SYSTEM CONTROL NUMBER | |
| System control number | EN-70695 |
| 037 ## - SOURCE OF ACQUISITION | |
| Source of stock number/acquisition | DBAD / PUB |
| 082 ## - DEWEY DECIMAL CLASSIFICATION NUMBER | |
| Classification number | 581.954 |
| 100 ## - MAIN ENTRY--PERSONAL NAME | |
| Personal name | Paria, N.D. |
| 245 ## - TITLE STATEMENT | |
| Title | Flora of Hazaribagh District, Bihar |
| Statement of responsibility, etc | by N.D. Paria [and] S.P. Chattopadhyay |
| 260 ## - PUBLICATION, DISTRIBUTION, ETC. (IMPRINT) | |
| Place of publication, distribution, etc | Kolkata |
| Name of publisher, distributor, etc | Botanical Survey of India |
| Date of publication, distribution, etc | 2005 |
| 270 ## - ADDRESS | |
| Address | 5th & 6th Floor, F-wing, C.G.O. Complex, Salt Lake City, |
| -- | Kolkata |
| Postal code | 700 064 |
| 300 ## - PHYSICAL DESCRIPTION | |
| Extent | v.2 (xxii, 549-1299p.) |
| Dimensions | 23cm (Hb ) |
| Other physical details | b&w, col.photos |
| 500 ## - GENERAL NOTE | |
| General note | V.I recd. on 20.6.2001, EN-45533.& v.2 - Tropaeolaceae to Orchidaceae |
| 700 ## - ADDED ENTRY--PERSONAL NAME | |
| Personal name | Chattopadhyay, S.P. |
| 942 ## - ADDED ENTRY ELEMENTS (KOHA) | |
| Institution code [OBSOLETE] | dpl |
| Koha item type | English Books |
| Call number prefix | 581.954 / PAR |
| Source of classification or shelving scheme | Dewey Decimal Classification |
| Classification part | 581.954 |
| Call number suffix | PAR |
| Withdrawn status | Lost status | Damaged status | Not for loan | Home library | Current library | Date acquired | Cost, normal purchase price | Total Checkouts | Full call number | Barcode | Date last seen | Copy number | Uniform Resource Identifier | Cost, replacement price | Price effective from | Koha item type |
|---|---|---|---|---|---|---|---|---|---|---|---|---|---|---|---|---|
| D.B.Act.Division | D.B.Act.Division | 26/08/2008 | 844.00 | 581.954 PAR | EN-70695 | 15/09/2008 | 1 | 6622 | 844.00 | 15/09/2008 | English Books |
